Os maiores impérios da história - Statistics

Estatísticas Gerais
  • Esse quiz foi jogado 794 vezes
  • A pontuação média é 7 de 16
Estatísticas das Respostas
Imagem Hint Resposta % Correto
1583-1997 Império Britânico
93%
1206-1368 Império Mongol
84%
1534-1970 Império Colonial Francês
82%
1415-1999 Império Português
77%
1492-1975 Império Espanhol
60%
1721-1917 Império Russo
59%
1822-1899 Império do Brasil
56%
1644-1912 Dinastia Qing
42%
808-168 a.c Império Macedônico
24%
1368-1644 Dinastia Ming
19%
750-1517 Califado Abássida
14%
661-750 Califado Omíada
14%
1271-1368 Dinastia Yuan
11%
550-330 a.c. Império Aquemênida
10%
1240-1502 Canato da Horda Dourada
8%
618-907 Dinastia Tang
7%
Nenhum quiz correspondente encontrado
Distribuição das Pontuações
Porcentagem de Pessoas com Cada Pontuação
Percentil de Números Respondidos
Sua Pontuação Histórica
Você não jogou esse quiz